| 000 | 00785nam a2200229 a 4500 | ||
|---|---|---|---|
| 005 | 20251203063945.0 | ||
| 008 | 011004s1998 r 000 0 eng d | ||
| 020 | _a8486193893 | ||
| 035 | _aUPN01000112560 | ||
| 049 | _aCG | ||
| 050 | 4 |
_aZ1037 _bA1 D4.28 |
|
| 100 | 1 |
_aDelahaie, Patricia _938544 |
|
| 245 | 1 | 0 |
_aCómo habituar al niño a leer : _bpara que su hijo descubra el placer de la lectura desde la más temprana edad / _cPatricia Delahaie ; rev. y adap. Victoria Fernández, tr. Juana Bignozzi |
| 260 |
_aBarcelona (Esp.) _bMEDICI, _cc1998 |
||
| 300 |
_axv, 191 p. : _bil. |
||
| 500 | _a"Con una minibiblioteca ideal" | ||
| 650 | 4 |
_aLibros y lectura para niños _92290 |
|
| 650 | 4 |
_aIntereses en la lectura _94851 |
|
| 901 | _aMEEG | ||
| 902 | _aLibro | ||
| 905 | _a185885 | ||
| 999 |
_c86468 _d86468 |
||